Christina Aguilera Filmography - Statistics

General Stats
  • This quiz has been taken 32 times
    4 since last reset
  • The average score is 2 of 120
Answer Stats
Type Year Name % Correct
TV Show 2000, 2003, 2004, 2006 Saturday Night Live
50%
TV Show 1993, 1995 The New Mickey Mouse Club
50%
Film 2010 Burlesque
25%
TV Show 2018 RuPaul's Drag Race
25%
Film 2017 The Emoji Movie
25%
Documentary Series 2003 20/20
0%
TV Special 1999 ABC 2000: The Millennium
0%
TV Special 2015 A Home for the Holidays
0%
TV Show 2000 Al Salir de Clase
0%
TV Show 2010 American Idol
0%
Documentary Series 2007 American Masters
0%
Concert Film 2006 Back to Basics and Beyond
0%
Documentary Series 2010 Behind the Music
0%
TV Show 1999 Beverly Hills, 90210
0%
TV Special 2012 Blake Shelton's Not So Family Christmas
0%
TV Special 2014, 2015 Breakthrough Prize Ceremony
0%
TV Documentary 2002 Bubblegum Babylon
0%
Film 2012 Casa de Mi Padre
0%
TV Special 2010 Chelsea's Big Interview Special
0%
Concert Film 2008 Christina Aguilera: Back to Basics - Live and Down Under
0%
Video Game 2000 Christina Aguilera: Follow Your Dreams
0%
Concert Film 1999 Christina Aguilera: Out of the Bottle
0%
Documentary 2015 Christina Aguilera: Pop Diva
0%
TV Special 2003 Christina Aguilera: Stripped in London
0%
TV Special 2006 Christmas in Rockefeller Center
0%
TV Special 1999 Christmas in Washington
0%
TV Show 2005 Club Disney
0%
Commercial 2001 Coca-Cola
0%
TV Show 2010 Conan
0%
Documentary Series 2012 Dateline NBC
0%
Documentary Series 2021 Demi Lovato: Dancing with the Devil
0%
Documentary Series 2000, 2002 Diary
0%
Commercial 2009 DirecTV
0%
Documentary Series 2000 Disney's 2 Hour Tour
0%
TV Special 2003 E! Entertainment Special: Christina Aguilera
0%
TV Show 2010 Entourage
0%
TV Show 2000 Fanatic
0%
TV Special 2006 Fashion Rocks
0%
Concert Film 1999 Genie Gets Her Wish
0%
Film 2010 Get Him to the Greek
0%
Documentary Mini-Series 2016 Hello World!
0%
Documentary 2006 Herbie Hancock: Possibilities
0%
TV Special 2010 Hope for Haiti Now: A Global Benefit for Hurricane Relief
0%
TV Special 2012 Hurricane Sandy: Coming Together
0%
Commercial 2008 Inspire Perfume
0%
TV Show 2018 Jeopardy!
0%
TV Show 2009 Kathy Griffin: My Life on the D-List
0%
Documentary 2019 Killing John Lennon
0%
Film 2018 Life of the Party
0%
Documentary 2024 Linda Perry: Let It Die Here
0%
TV Show 2016, 2018 Lip Sync Battle
0%
TV Show 2015 Live from Lincoln Center
0%
TV Special 1999 L'Oréal Summer Music Mania
0%
TV Show 2000, 2001 MADtv
0%
Commercial 2017-2021 MasterClass
0%
Documentary Mini-Series 2022 MasterClass
0%
Commercial 2004 Mercedes-Benz A-Class
0%
TV Film TBA Metal Revolver Juvenile Incident
0%
TV Special 2000 MTV Backstage at the Grammys
0%
Award Show 2003 MTV Europe Music Awards 2003
0%
TV Special 2001 MTV Icon: Janet Jackson
0%
TV Show 1999-2000 Música sí
0%
TV Special 2007 My Night at the Grammys
0%
Concert Film 2001 My Reflection
0%
TV Show 2015 Nashville
0%
Commercial 2014, 2022 Nintendo
0%
Commercial 2017 Oreo
0%
TV Special 2000 Party in the Park 2000
0%
Commercial 2006 Pepsi
0%
Film 2015 Pitch Perfect 2
0%
TV Show 2003 Player$
0%
Commercial 2012 Proctor & Gamble
0%
TV Show 2009 Project Runaway
0%
TV Show 2003 Punk'd
0%
TV Special 2015 Red Nose Day
0%
Commercial 2012 Red Sin Perfume
0%
TV Special 1998 Reflections on Ice: Michelle Kwan Skates to the Music of Disney's 'Mulan'
0%
TV Special 2006 Rock Legends: Platinum Weird
0%
TV Show 1999 Roswell
0%
Commercial 2012 Royal Desire Perfume
0%
Documentary Mini-Series 2004 Sex 'n' Pop
0%
Film 2004 Shark Tale
0%
Commercial 2008 Shattered Jewelry Collection
0%
Documentary 2008 Shine a Light
0%
TV Show 1999 Showtime at the Apollo
0%
Commercial 2003 Skechers
0%
Commercial 2000 Sonic Net
0%
Commercial 2006 Sony
0%
TV Show 1990 Star Search
0%
Concert Film 2004 Stripped Live in the U.K.
0%
TV Special 2017 Taking the Stage: African American Music and Stories That Changed America
0%
TV Show 2000 TFI Friday
0%
TV Special 2021 The 2021 Rock & Roll Hall of Fame Induction Ceremony
0%
TV Special 1999 The American Red Cross Holiday Music Spectacular
0%
TV Special 2020 The Disney Family Singalong
0%
TV Special 2020 The Disney Family Singalong Volume 2
0%
TV Special 2021 The Most Magical Story on Earth: 50 Years of Walt Disney World
0%
TV Show 2004 The Osbournes
0%
Short Documentary 2002 The Pussycat Dolls Show
0%
TV Show 2011-2016, 2020 The Voice
0%
TV Show 2010 The X Factor UK
0%
TV Special 2006 Tony Bennett: An American Classic
0%
TV Show 1999-2003 Top of the Pops
0%
TV Special 2008 Total Finale Live
0%
TV Show 2002, 2006 Total Request Live
0%
TV Special 2002 TRL Presents: Christina Stripped in New York City
0%
Commercial 2013 Unforgettable Perfume
0%
TV Show 2002 Un Paso Adelante
0%
Commercial 2021 Verizon
0%
TV Special 2000 VH1: Men Strike Back
0%
Commercial 2004 Virgin Mobile
0%
Commercial 2020 Visit Las Vegas
0%
TV Special 2000 Walt Disney World Summer Jam Concert
0%
TV Show 2003, 2006 Wanna Bet?
0%
Short Documentary 2018 Where's Maria?
0%
TV Special 2004 Who's Your Momma?
0%
Commercial 2013 World Food Programme
0%
TV Show 2005 WWE Smackdown!
0%
Web Special 2020 Yearly Departed
0%
Film 2018 Zoe
0%
No matching quizzes found
Score Distribution
Percent of People with Each Score
Percentile by Number Answered
Your Score History
You have not taken this quiz since the last reset